Online Catalogue and eLibrary

Mankolla rajiniya Poolan devi 1 (Record no. 5577)

MARC details
000 -LEADER
fixed length control field 00425nam a2200157Ia 4500
005 - DATE AND TIME OF LATEST TRANSACTION
control field 20250430011942.0
008 - FIXED-LENGTH DATA ELEMENTS--GENERAL INFORMATION
fixed length control field 240331s9999 xx 000 0 und d
020 ## - INTERNATIONAL STANDARD BOOK NUMBER
ISBN 9558104086
082 ## - DDC Classification
Item Number - Author Mark POO
Class No. 891
245 #0 - TITLE STATEMENT
Title Mankolla rajiniya Poolan devi 1
260 ## - PUBLICATION, DISTRIBUTION, ETC.
Place of publication, distribution, etc. Athulkotte
Name of publisher, distributor, etc. A.S Printers & Publishers
Date of publication, distribution, etc. 1998
300 ## - PHYSICAL DESCRIPTION
Extent (e.g. Volumes, Pages etc.) 164 p ., ( P 1)
500 ## - GENERAL NOTE
General note A Book of Phoolan Devi
700 ## - ADDED ENTRY--PERSONAL NAME
Personal name Leelaratna, Uppali
Relator term (Role) Editor
942 ## - Koha item type (Biblio)
Koha item type Books in Stacks (Lending)
Holdings
Lost status Damaged status Collection code Home library Current library Shelving location Date acquired Full call number Accession Number Item type
    Lending WERC Library WERC Library Social Science Cupboard 03/31/2024 891.48 POO 4351 Books in Stacks (Lending)

© WERC Library